Love & memory : a novel /
সংরক্ষণ করুন:
| প্রধান লেখক: | |
|---|---|
| বিন্যাস: | গ্রন্থ |
| ভাষা: | ইংরেজি |
| প্রকাশিত: |
San Francisco :
Spinsters Book Co.,
c1991.
|
| সংস্করন: | 1st ed. |
| ট্যাগগুলো: |
কোনো ট্যাগ নেই, প্রথমজন হিসাবে ট্যাগ করুন!
|
MARC
| LEADER | 00000cam a2200000 a 4500 | ||
|---|---|---|---|
| 001 | 4851572 | ||
| 003 | loc | ||
| 005 | 20250910144024.0 | ||
| 008 | 910515s1991 cau 000 1 eng | ||
| 010 | |a 91021492 | ||
| 020 | |a 0933216858 | ||
| 020 | |a 9780933216853 | ||
| 035 | |a 4851572 | ||
| 040 | |a DLC |c DLC |d DLC |d OCoLC | ||
| 050 | 0 | 0 | |a PS3565.L443 |b L6 1991 |
| 082 | 0 | 0 | |a 813/.54 |2 20 |
| 100 | 1 | |a Oleson, Amy, |d 1956- | |
| 245 | 1 | 0 | |a Love & memory : |b a novel / |c by Amy Oleson. |
| 250 | |a 1st ed. | ||
| 260 | |a San Francisco : |b Spinsters Book Co., |c c1991. | ||
| 300 | |a 182 p. ; |c 22 cm. | ||
| 740 | 0 | |a Love and memory. | |
| 942 | |2 ddc |c BK | ||
| 952 | |0 0 |1 0 |2 ddc |4 0 |6 LNR_02OLEAMLOV11 |7 0 |9 5725 |a MI |b MI |d 2006-01-26 |i 5073 |l 0 |o LNR02-OLEAM-LOV11 |p CDOM5073 |r 2025-07-13 16:28:00 |w 2025-07-13 |x ACQUISTO |y BK | ||
| 999 | |c 4568 |d 4568 | ||